000 00892nam0a22002531 4500
001 rc\4114859
005 20130415171945.8
021 _aRU
_b[56-49815]
035 _a(NLR Aleph) 007979276
090 _a8509559
_c8509559
100 _a20130415d1956 |||y0rusy50 ca
101 0 _arus
102 _aRU
105 _ac z |||a|
200 1 _aСтихотворения
_f[Подготовка текста, вступ. статья, с. III-XXIV, и примеч. Б.Я. Бухштаба
210 _aЛенинград]
_cГослитиздат. [Ленингр. отд-ние]
_d1956
215 _aXXIV, 380 с., 1 л. портр.
_d20
700 1 _aФет
_bА. А.
_f1820-1892
_gАфанасий Афанасьевич
702 1 _aБухштаб
_bБ. Я.
_4080
_4212
801 0 _aRU
_bNLR
_gpsbo
801 1 _aRU
_bELAR
_2rusmarc
852 _aNLR
_jЛ30 Г-3/4909
942 _cBOOK
980 _aNB